[Event "Tournoi Skype 016A"]
[Site "Skype"]
[Date "????.??.??"]
[Round "2.5"]
[White "Brun, Jacques"]
[Black "Donmez, Unal"]
[Result "0-1"]
[WhiteElo "1804"]
[BlackElo "1937"]
[PlyCount "70"]

1. e4 e5 2. Nf3 Nc6 3. Bb5 a6 4. Bxc6 dxc6 5. O-O Bg4 6. h3 h5 7. d3 Bd6 8.
Nbd2 Qf6 9. Re1 Bc5 10. Qe2 Be6 11. Nb3 Bb6 12. Bg5 Qg6 13. Kf1 f6 14. Bh4 c5
15. Rad1 Ne7 16. c3 Nc6 17. Nbd2 Qf7 18. Nc4 g5 19. Bg3 g4 20. Ng1 h4 21. Bh2
gxh3 22. gxh3 O-O-O 23. Nxb6+ cxb6 24. b3 Rhg8 25. Qf3 Qd7 26. Ke2 f5 27. Kf1
Rdf8 28. Qe3 f4 29. Qf3 Rxg1+ 30. Kxg1 Bxh3 31. Kh1 Bg4 32. Qg2 h3 33. Qf1 Bf3+
34. Kg1 Qg4+ 35. Bg3 h2+ 0-1

[Event "Tournoi Skype 016A"]
[Site "Skype"]
[Date "????.??.??"]
[Round "2.6"]
[White "Jacquelin, Norbert"]
[Black "Dal, Ibrahim"]
[Result "0-1"]
[WhiteElo "1924"]
[BlackElo "1704"]
[PlyCount "58"]

1. e4 c6 2. d4 d5 3. exd5 cxd5 4. c4 Nf6 5. Nc3 e6 6. c5 b6 7. b4 a5 8. Bb5+
Bd7 9. Bxd7+ Nfxd7 10. Qe2 Nc6 11. Nxd5 Nxd4 12. Qe4 bxc5 13. bxa5 Rxa5 14. Bd2
Ra7 15. Ne2 Nf6 16. Nxf6+ Qxf6 17. O-O Qf5 18. Ng3 Qxe4 19. Nxe4 Be7 20. Rab1
O-O 21. Rb2 f5 22. Bg5 fxe4 23. Bxe7 Rxe7 24. Re1 Rf4 25. Rb8+ Kf7 26. Kf1 Ra7
27. Rb2 c4 28. Rc1 e3 29. Rxc4 e2+ 0-1

[Event "Tournoi Skype 016A"]
[Site "Skype"]
[Date "????.??.??"]
[Round "2.7"]
[White "Legueltel, Daniel"]
[Black "Deniz, Ugur"]
[Result "0-1"]
[WhiteElo "1757"]
[BlackElo "1918"]
[PlyCount "66"]

1. d4 Nf6 2. c4 e6 3. Nf3 b6 4. g3 Bb7 5. Bg2 Bb4+ 6. Bd2 Be7 7. Nc3 O-O 8. O-O
c6 9. Ne5 d6 10. Nd3 d5 11. cxd5 cxd5 12. Rc1 Nc6 13. e3 Rc8 14. f4 Ba6 15. Be1
Nb4 16. Nxb4 Bxf1 17. Bxf1 Bxb4 18. Bd3 Nd7 19. f5 g6 20. fxg6 fxg6 21. Qg4 Qf6
22. Nxd5 Rxc1 23. Nxf6+ Rxf6 24. Bb5 Rxe1+ 25. Kg2 Nf8 26. d5 Bc5 27. dxe6 Rxe3
28. Qd1 Nxe6 29. Qd7 Kf8 30. Bc4 Rf2+ 31. Kh3 Nf4+ 32. Kg4 Be7 33. gxf4 h5# 0-1

[Event "Tournoi Skype 016A"]
[Site "Skype"]
[Date "????.??.??"]
[Round "2.8"]
[White "Patra Kumar, Subhendu"]
[Black "Karia, Vijay"]
[Result "1-0"]
[WhiteElo "1887"]
[BlackElo "1687"]
[PlyCount "143"]

1. e4 d5 2. exd5 Qxd5 3. Nc3 Qa5 4. g3 c6 5. Bg2 Bf5 6. d3 Nf6 7. Nge2 Nbd7 8.
O-O e6 9. a3 Bd6 10. Rb1 O-O 11. b4 Qc7 12. b5 Nd5 13. Ne4 Rab8 14. Nxd6 Qxd6
15. Nd4 Bg6 16. Bb2 c5 17. Nf3 Bh5 18. Qe1 f6 19. Nd2 Rfe8 20. Nc4 Qc7 21. Qe4
Bg6 22. Qg4 N7b6 23. Rfe1 Bf5 24. Qh4 Na4 25. Nd6 Qxd6 26. Qxa4 Qb6 27. Qc4 Qd6
28. Re2 Re7 29. Rbe1 Rbe8 30. Qh4 Bg6 31. Bh3 Bf7 32. Qg4 e5 33. Qh4 Nc7 34. a4
Bg6 35. Ba3 Nd5 36. Bg2 b6 37. Bb2 Nc7 38. Bc6 Rf8 39. f4 Ref7 40. fxe5 fxe5
41. Bxe5 Qd8 42. Qc4 Kh8 43. Bxc7 Rxc7 44. Qd5 Qf6 45. Qe5 Qxe5 46. Rxe5 h6 47.
Re7 Rf7 48. Re8+ Kh7 49. Ra8 Rfe7 50. Rf1 Rf7 51. Bd5 Rxf1+ 52. Kxf1 Re7 53.
Bg8+ Kh8 54. Kf2 Be8 55. Bd5 Kh7 56. Be4+ Bg6 57. Bd5 Bf7 58. Rd8 g5 59. Bxf7
Rxf7+ 60. Ke2 Re7+ 61. Kd2 Kg6 62. Rd6+ Kg7 63. c3 Rf7 64. Re6 Rf6 65. Rxf6
Kxf6 66. Ke3 Ke5 67. d4+ cxd4+ 68. cxd4+ Kd5 69. g4 Kd6 70. Ke4 Ke6 71. d5+ Kd7
72. Ke5 1-0

[Event "Tournoi Skype 016A"]
[Site "Skype"]
[Date "????.??.??"]
[Round "2.9"]
[White "Rico Hernandez, Edgar"]
[Black "Montenegro, Juan Carlos"]
[Result "0-1"]
[WhiteElo "1872"]
[BlackElo "1680"]
[PlyCount "84"]

1. d4 e6 2. c4 d5 3. Nf3 Nf6 4. Bg5 Be7 5. e3 h6 6. Bh4 Nc6 7. Nc3 O-O 8. Rc1
a6 9. Bd3 dxc4 10. Bxc4 b5 11. Bd3 Bb7 12. O-O Nb4 13. Bb1 Rc8 14. a3 Nbd5 15.
Ne5 Nxc3 16. bxc3 Bxa3 17. Rc2 Be7 18. Rc1 Ne4 19. Bxe7 Qxe7 20. Qd3 Qg5 21. f3
Nf6 22. Nd7 Rfd8 23. Nc5 Bd5 24. Qd2 Bc4 25. Rfe1 Qxc5 26. Qc2 Qb6 27. e4 g6
28. Kh1 c5 29. Qd2 Kg7 30. e5 Ng8 31. Re4 cxd4 32. cxd4 Bd5 33. Ree1 Rxc1 34.
Rxc1 Bc4 35. h3 Rxd4 36. Qb2 Qc5 37. Re1 a5 38. Qf2 Qb4 39. Be4 Rd2 40. Qg3 Re2
41. Rd1 Qb3 42. Rd7 Rxe4 0-1

[Event "Tournoi Skype 016A"]
[Site "Skype"]
[Date "????.??.??"]
[Round "2.10"]
[White "Megelas, Florent"]
[Black "Altinok, Selim"]
[Result "1/2-1/2"]
[WhiteElo "1704"]
[BlackElo "1854"]
[PlyCount "63"]

1. e4 c6 2. d4 d5 3. Nc3 dxe4 4. Nxe4 Bf5 5. Nc3 Nf6 6. Nf3 e6 7. Bd3 Bxd3 8.
Qxd3 Nbd7 9. O-O Bd6 10. Ne4 Nxe4 11. Qxe4 Nf6 12. Qd3 Qc7 13. Ne5 Bxe5 14.
dxe5 Qxe5 15. h3 O-O 16. Be3 Rfd8 17. Qb3 Qc7 18. Rfd1 b6 19. Bg5 Rxd1+ 20.
Rxd1 Ne4 21. Qe3 Nxg5 22. Qxg5 h6 23. Qh4 Re8 24. Qd4 c5 25. Qa4 Rd8 26. Rxd8+
Qxd8 27. Qxa7 Qd1+ 28. Kh2 Qd6+ 29. Kg1 Qd1+ 30. Kh2 Qd6+ 31. Kg1 Qd1+ 32. Kh2
1/2-1/2

[Event "Tournoi Skype 016A"]
[Site "Skype"]
[Date "????.??.??"]
[Round "2.11"]
[White "Elias, Roberto"]
[Black "Murgia, Stefano"]
[Result "1-0"]
[WhiteElo "1847"]
[BlackElo "1666"]
[PlyCount "81"]

1. e4 d6 2. d4 f5 3. Nc3 Nf6 4. e5 dxe5 5. dxe5 Qxd1+ 6. Nxd1 Ng4 7. Nf3 Nc6 8.
Bb5 Bd7 9. Ne3 g6 10. Nxg4 fxg4 11. e6 Bxe6 12. Ne5 Bd7 13. Nxd7 Kxd7 14. Bf4
e6 15. O-O-O+ Bd6 16. Rhe1 Rhe8 17. Re4 a6 18. Bxc6+ bxc6 19. Bxd6 cxd6 20.
Rxg4 Rf8 21. f3 c5 22. Rh4 Rf7 23. c3 a5 24. Kc2 Rb8 25. Ra4 Ra8 26. a3 Kc6 27.
Re4 e5 28. Re2 Rd8 29. Rxe5 Rdf8 30. Re6 Rd7 31. Rde1 Kb5 32. Re8 Rff7 33. Rb8+
Kc4 34. b3+ Kd5 35. Rb5 a4 36. b4 Kc6 37. c4 cxb4 38. axb4 Rf4 39. Kc3 Ra7 40.
Ra1 d5 41. Rc5+ 1-0

[Event "Tournoi Skype 016A"]
[Site "Skype"]
[Date "????.??.??"]
[Round "2.12"]
[White "Coruble, Didier"]
[Black "Lambert, Pierre"]
[Result "0-1"]
[WhiteElo "1406"]
[BlackElo "1830"]
[PlyCount "46"]

1. Nf3 Nf6 2. e3 d5 3. c4 c6 4. Nc3 Bg4 5. h3 Bxf3 6. Qxf3 e5 7. d3 dxc4 8.
dxc4 Nbd7 9. Bd2 Nc5 10. e4 Be7 11. b4 Ne6 12. c5 O-O 13. Ne2 Qc7 14. Rd1 Rad8
15. g3 Rd7 16. Bg2 Rfd8 17. Qc3 Rd3 18. Qc2 Qd7 19. Nc1 Ra3 20. Nb3 Nd4 21.
Nxd4 Qxd4 22. O-O Qd3 23. Qxd3 Raxd3 0-1

[Event "Tournoi Skype 016A"]
[Site "Skype"]
[Date "????.??.??"]
[Round "2.13"]
[White "Hilton, Stephen"]
[Black "Grimwood, Robert"]
[Result "1-0"]
[WhiteElo "1984"]
[BlackElo "1420"]
[PlyCount "49"]

1. d4 Nf6 2. c4 e6 3. Nf3 c5 4. d5 exd5 5. cxd5 d6 6. Nc3 g6 7. h3 Bg7 8. e4
O-O 9. Bd3 a6 10. a4 Nbd7 11. O-O Re8 12. Bf4 Ne5 13. Nxe5 dxe5 14. Be3 Qc7 15.
a5 c4 16. Bb6 Qd6 17. Bxc4 Qb4 18. Qd3 Bd7 19. b3 Rec8 20. Na2 Qf8 21. b4 Bb5
22. Bxb5 axb5 23. Bc5 Qd8 24. Nc3 Nd7 25. Be3 1-0

[Event "Tournoi Skype 016A"]
[Site "Skype"]
[Date "????.??.??"]
[Round "2.14"]
[White "Thoune, Jim"]
[Black "Plourde, Alain"]
[Result "0-1"]
[WhiteElo "1499"]
[BlackElo "1886"]
[PlyCount "100"]

1. d4 e6 2. Nf3 Nf6 3. Bf4 d5 4. e3 Nbd7 5. Bd3 c6 6. Nbd2 Be7 7. O-O O-O 8. c3
Nh5 9. Bg3 Nxg3 10. hxg3 h6 11. e4 dxe4 12. Nxe4 b6 13. Re1 Bb7 14. g4 c5 15.
dxc5 Nxc5 16. Bc2 Qc7 17. Ng3 Rfd8 18. Qe2 Rac8 19. Qe3 Nd7 20. Ne4 Nf6 21.
Nxf6+ Bxf6 22. Rad1 Qc4 23. g5 hxg5 24. Nxg5 Qg4 25. Rxd8+ Rxd8 26. Ne4 Be7 27.
Qg3 Qxg3 28. Nxg3 Rd2 29. Re2 Rd7 30. c4 g6 31. a3 Ba6 32. b3 Bxa3 33. Bxg6
fxg6 34. Ra2 Bxc4 35. Rxa3 Bd5 36. Ne2 a5 37. Nf4 Kf7 38. Nd3 Kf6 39. b4 Ra7
40. f3 a4 41. Kf2 g5 42. Ke3 e5 43. g3 Bc6 44. Nc1 b5 45. Rc3 Bd5 46. Rc5 Bc4
47. Nd3 a3 48. Nxe5 a2 49. Ng4+ Ke7 50. Re5+ Kd6 0-1

[Event "Tournoi Skype 016A"]
[Site "Skype"]
[Date "????.??.??"]
[Round "2.15"]
[White "Tripathi, Rajnikant"]
[Black "Janssen, Gerard"]
[Result "0-1"]
[WhiteElo "1544"]
[BlackElo "1761"]
[PlyCount "60"]

1. d4 d5 2. e4 dxe4 3. Nc3 Nf6 4. f3 exf3 5. Qxf3 Qxd4 6. Be3 Qb4 7. O-O-O e5
8. Nb5 Na6 9. a3 Qg4 10. Qxg4 Bxg4 11. Rd2 Ne4 12. Rd5 Bd6 13. Nxd6+ cxd6 14.
Be2 Be6 15. Rd1 Ke7 16. Nf3 Nac5 17. Ng5 Nxg5 18. Bxg5+ f6 19. Be3 Rac8 20. Kb1
a5 21. Bf3 b5 22. Bd5 Bf5 23. Rhf1 Bg6 24. g4 Ne6 25. Rd2 h6 26. Rfd1 Nc5 27.
h4 Rhd8 28. h5 Bh7 29. Bf3 Nb3 30. Rf2 a4 0-1

[Event "Tournoi Skype 016A"]
[Site "Skype"]
[Date "????.??.??"]
[Round "2.16"]
[White "Engstrom, Olle"]
[Black "Trivedi, Viral"]
[Result "1-0"]
[WhiteElo "1654"]
[BlackElo "1587"]
[PlyCount "57"]

1. e4 c6 2. d4 d5 3. e5 Bf5 4. Nc3 Nd7 5. g4 Bg6 6. h4 h6 7. Bg2 e6 8. Nge2 Be7
9. h5 Bh7 10. Be3 Bb4 11. Qd2 Qa5 12. a3 Nb6 13. O-O Bxc3 14. Nxc3 Nc4 15. Qc1
Nxe3 16. fxe3 f5 17. gxf5 Bxf5 18. e4 dxe4 19. Nxe4 Ne7 20. Nd6+ Kd7 21. Nxb7
Qb6 22. Nc5+ Kc7 23. c3 a5 24. b4 axb4 25. axb4 Rxa1 26. Qxa1 Nd5 27. Bxd5 cxd5
28. Qa4 Bd3 29. Rf7+ 1-0

[Event "Tournoi Skype 016A"]
[Site "Skype"]
[Date "????.??.??"]
[Round "2.17"]
[White "Gharbi, Said"]
[Black "Perez Fermin, Jose"]
[Result "0-1"]
[WhiteElo "1511"]
[BlackElo "1639"]
[PlyCount "151"]

1. e4 c5 2. c3 Nc6 3. d4 cxd4 4. cxd4 d5 5. e5 e6 6. Nf3 Bb4+ 7. Bd2 Qb6 8. Qb3
Bxd2+ 9. Nbxd2 Qxb3 10. Nxb3 b6 11. Bb5 Nge7 12. Rc1 Bb7 13. O-O O-O 14. Rc3
Rac8 15. Rfc1 Rc7 16. a4 a6 17. Bxc6 Rxc6 18. a5 Rxc3 19. Rxc3 Nc8 20. axb6
Nxb6 21. Rc7 Bc8 22. Nc5 h6 23. Ra7 Nc4 24. b3 Na5 25. b4 Nc4 26. Nxa6 Bxa6 27.
Rxa6 Rb8 28. Ra4 Nb2 29. Ra3 Rxb4 30. Ra8+ Kh7 31. Rf8 Rb7 32. g4 g5 33. h4 Nd3
34. hxg5 hxg5 35. Nxg5+ Kg7 36. Ra8 Nf4 37. Kh2 Rb2 38. Kg3 Ne2+ 39. Kh4 Nxd4
40. f3 Rb7 41. f4 Rd7 42. Ra6 Rb7 43. f5 exf5 44. gxf5 Nxf5+ 45. Kg4 Ne3+ 46.
Kf3 Nf5 47. Kf4 Nd4 48. Rd6 Rb4 49. Rxd5 Ne6+ 50. Ke3 Nxg5 51. Rd4 Rb3+ 52. Rd3
Rxd3+ 53. Kxd3 Kg6 54. Kd4 Kf5 55. Kd5 Nf3 56. Kd6 Nxe5 57. Ke7 Kg5 58. Kd6 f6
59. Ke6 Nd3 60. Kd5 f5 61. Kd4 Ne1 62. Ke3 Kg4 63. Ke2 Ng2 64. Kf2 Nf4 65. Kf1
Kg3 66. Kg1 Nd3 67. Kh1 f4 68. Kg1 f3 69. Kf1 f2 70. Ke2 Nf4+ 71. Kf1 Ng2 72.
Ke2 Nf4+ 73. Kf1 Nh3 74. Ke2 Kh2 75. Kf1 Kh1 76. Ke2 0-1

[Event "Tournoi Skype 016A"]
[Site "Skype"]
[Date "????.??.??"]
[Round "2.18"]
[White "L'Herbon De Lussats, Jean"]
[Black "Aceituno, Stebe"]
[Result "0-1"]
[WhiteElo "1507"]
[BlackElo "1626"]
[PlyCount "100"]

1. c4 c5 2. Nf3 Nf6 3. Nc3 d6 4. d4 cxd4 5. Nxd4 Bd7 6. e4 Nc6 7. Nf3 e6 8. Bg5
Be7 9. Bxf6 Bxf6 10. Qxd6 Qe7 11. Qc7 Qb4 12. Rd1 Bxc3+ 13. bxc3 Qxc3+ 14. Rd2
Qc1+ 15. Rd1 Qc3+ 16. Rd2 O-O 17. Bd3 Rad8 18. O-O e5 19. Qxb7 Nd4 20. Qb2
Nxf3+ 21. gxf3 Qxb2 22. Rxb2 Bh3 23. Rd1 Rd6 24. f4 Rg6+ 25. Kh1 Bg2+ 26. Kg1
Bf3+ 27. Kf1 Bxd1 28. fxe5 Rd8 29. c5 h6 30. Bc4 Bf3 31. Bb3 Bxe4 32. f4 Rc6
33. Rf2 Rxc5 34. e6 Rc1+ 35. Ke2 fxe6 36. Bxe6+ Kh8 37. Ke3 Re1+ 38. Re2 Rxe2+
39. Kxe2 Re8 40. Bb3 Bc2+ 41. Kf3 Bxb3 42. axb3 Rb8 43. Kg4 Rxb3 44. h4 Kh7 45.
h5 Rb4 46. Kf5 a5 47. Ke5 a4 48. Kd5 a3 49. f5 a2 50. Kc5 Rb1 0-1

[Event "Tournoi Skype 016A"]
[Site "Skype"]
[Date "????.??.??"]
[Round "2.19"]
[White "Fouquereau, Andre"]
[Black "Galani, Mahendra"]
[Result "0-1"]
[WhiteElo "1590"]
[BlackElo "1507"]
[PlyCount "94"]

1. e4 e5 2. Nf3 d6 3. c3 Nf6 4. Be2 Nxe4 5. Qa4+ Nc6 6. Qxe4 d5 7. Qa4 Bd7 8.
Qc2 e4 9. Nd4 Ne5 10. d3 c5 11. Nb3 Bf5 12. Be3 exd3 13. Bxd3 Nxd3+ 14. Kd2 g6
15. Rf1 Nxf2 16. Qc1 Ne4+ 17. Ke1 Qh4+ 18. g3 Qxh2 19. Rg1 Nxg3 20. Qd2 Qh4 21.
Qf2 Bd6 22. N1d2 O-O-O 23. Nxc5 Bxc5 24. Bxc5 Rhe8+ 25. Be3 d4 26. cxd4 Rxd4
27. Nf3 Qe4 28. Nxd4 Qxe3+ 29. Qxe3 Rxe3+ 30. Kf2 Rd3 31. Rad1 Ne4+ 32. Kg2
Rg3+ 33. Kf1 Bh3+ 34. Ke2 Bg4+ 35. Kf1 Bxd1 36. Rh1 h5 37. Ke1 Rd3 38. Nb5 Kb8
39. Rh2 Ba4 40. Na3 Rd1+ 41. Ke2 Rd2+ 42. Ke3 Rxh2 43. Kxe4 f5+ 44. Kf4 Rh4+
45. Kg3 Rg4+ 46. Kh3 Bc6 47. Nc4 Rxc4 0-1

[Event "Tournoi Skype 016A"]
[Site "Skype"]
[Date "????.??.??"]
[Round "2.20"]
[White "Prasad Singh, Ambika"]
[Black "Yeter, Orhan"]
[Result "0-1"]
[WhiteElo "1579"]
[BlackElo "1505"]
[PlyCount "36"]

1. e4 c5 2. d4 cxd4 3. c3 d5 4. exd5 Qxd5 5. cxd4 Nc6 6. Nc3 Qxd4 7. Qxd4 Nxd4
8. Bd3 a6 9. Nge2 e5 10. Nxd4 exd4 11. Ne2 Bc5 12. b3 Ne7 13. Bb2 Nc6 14. Rc1
Ba7 15. O-O O-O 16. Rfd1 Bg4 17. f3 Bd7 18. Be4 d3+ 0-1

[Event "Tournoi Skype 016A"]
[Site "Skype"]
[Date "????.??.??"]
[Round "2.22"]
[White "Solak, Yusuf"]
[Black "Yardimci, Ertan"]
[Result "1/2-1/2"]
[WhiteElo "1552"]
[BlackElo "1494"]
[PlyCount "85"]

1. e4 e5 2. Nf3 Nc6 3. Bb5 a6 4. Ba4 Nf6 5. O-O Be7 6. Re1 b5 7. Bb3 O-O 8. c3
Bb7 9. d4 d6 10. Bg5 Nb8 11. dxe5 dxe5 12. Qxd8 Rxd8 13. Nxe5 Nbd7 14. Bxf7+
Kf8 15. Nxd7+ Rxd7 16. Bxf6 Bxf6 17. Bb3 Re8 18. f3 c5 19. c4 Bd4+ 20. Kh1 Bxb2
21. Nc3 Bxc3 22. Rad1 Rxd1 23. Rxd1 Bd4 24. g3 Kf7 25. Kg2 Bc8 26. cxb5+ Kf6
27. b6 Ke5 28. Bd5 Re7 29. f4+ Kd6 30. Ba8 Bb7 31. Bxb7 Rxb7 32. Rb1 Kc6 33. e5
c4 34. e6 Bxb6 35. f5 Re7 36. Kf3 Bc7 37. Ke4 Bd6 38. g4 Kc5 39. h4 c3 40. h5
Kc4 41. Rc1 a5 42. g5 a4 43. Rc2 1/2-1/2

[Event "Tournoi Skype 016A"]
[Site "Skype"]
[Date "????.??.??"]
[Round "2.23"]
[White "Duthoit, Bernard"]
[Black "Kruzeniski, Randy"]
[Result "1/2-1/2"]
[WhiteElo "1476"]
[BlackElo "1549"]
[PlyCount "85"]

1. e4 c5 2. Nf3 d6 3. d4 cxd4 4. Nxd4 a6 5. Nc3 Nf6 6. g3 e6 7. Bg2 Be7 8. O-O
O-O 9. Re1 Nbd7 10. Bd2 Qc7 11. Re2 Ne5 12. Nf3 Nxf3+ 13. Bxf3 e5 14. Nd5 Nxd5
15. exd5 b5 16. Re3 Bb7 17. Rc3 Qd7 18. a4 bxa4 19. Rca3 f5 20. Rxa4 e4 21. Bg2
Bxd5 22. Rxa6 Rxa6 23. Rxa6 Qb7 24. Qa1 Re8 25. Be3 Ra8 26. Rxa8+ Qxa8 27.
Qxa8+ Bxa8 28. Bd4 g5 29. b4 g4 30. Kf1 h5 31. Ke2 Kf7 32. Ke3 Bg5+ 33. Ke2 Ke6
34. b5 Kd7 35. c4 Kc7 36. Bf1 h4 37. Be3 Bxe3 38. Kxe3 hxg3 39. hxg3 Bb7 40.
Kd4 Kb6 41. Kc3 Bc8 42. Kb4 Bb7 43. Kc3 1/2-1/2

[Event "Tournoi Skype 016A"]
[Site "Skype"]
[Date "????.??.??"]
[Round "2.25"]
[White "Colak, Remzi"]
[Black "Holtz, Steve"]
[Result "0-1"]
[WhiteElo "1465"]
[BlackElo "1545"]
[PlyCount "106"]

1. d4 Nf6 2. c4 d5 3. Nc3 Nc6 4. Bf4 a6 5. h3 Bf5 6. Nf3 e6 7. e3 Be7 8. Be2
O-O 9. O-O Ne4 10. cxd5 exd5 11. a3 Re8 12. Ne5 Nxe5 13. Bxe5 Bf6 14. Bxf6 Qxf6
15. Bg4 Nxc3 16. bxc3 Bxg4 17. Qxg4 Re6 18. Rfb1 b5 19. a4 c6 20. axb5 cxb5 21.
Rc1 Rd8 22. Qe2 Qh6 23. Qf1 Rg6 24. g3 f5 25. Qg2 Rf6 26. h4 g5 27. hxg5 Qxg5
28. Kf1 Qh5 29. Kg1 Qf7 30. Qf3 Rf8 31. Kg2 Rh6 32. Rh1 Rg6 33. Rh4 Kh8 34.
Rah1 Rg7 35. Rh6 Ra8 36. Rd6 Qc7 37. Qxd5 Rc8 38. Qe5 Qb7+ 39. f3 Qe7 40. Qxe7
Rxe7 41. Kf2 Rxc3 42. Re1 Ra3 43. Re2 a5 44. Rd5 b4 45. Rxf5 b3 46. Rb5 a4 47.
e4 Ra2 48. Ra5 b2 49. Rb5 a3 50. d5 Ra1 51. Rbxb2 axb2 52. Rxb2 Rd7 53. Ke3 Ra4
0-1

[Event "Tournoi Skype 016A"]
[Site "Skype"]
[Date "????.??.??"]
[Round "2.26"]
[White "Vello, Pablo"]
[Black "Malbec, Robert"]
[Result "0-1"]
[WhiteElo "1464"]
[BlackElo "1525"]
[PlyCount "66"]

1. e4 e5 2. Nf3 Nc6 3. Bc4 Bc5 4. d3 Nf6 5. Nc3 Bb4 6. O-O Bxc3 7. bxc3 O-O 8.
Bg5 d6 9. Qd2 Bg4 10. Bxf6 Qxf6 11. Ne1 Qg6 12. Qe3 Ne7 13. Qg3 Be2 14. Qxg6
Nxg6 15. Nf3 Bxf1 16. Kxf1 h6 17. d4 c6 18. Rd1 b5 19. Be2 a5 20. d5 c5 21.
Bxb5 Rab8 22. c4 f5 23. exf5 Rxf5 24. a4 Rbf8 25. Bd7 Rf4 26. Bb5 e4 27. Nd2
Rxf2+ 28. Kg1 Re2 29. Nf1 Rff2 30. Ng3 Rxg2+ 31. Kf1 Ref2+ 32. Ke1 Ne5 33. Nxe4
Nf3# 0-1

[Event "Tournoi Skype 016A"]
[Site "Skype"]
[Date "????.??.??"]
[Round "2.27"]
[White "Saponara, Jose Maria"]
[Black "Grib, Johannes"]
[Result "1-0"]
[WhiteElo "1520"]
[BlackElo "1472"]
[PlyCount "47"]

1. d4 Nf6 2. c4 d5 3. Nc3 c6 4. e3 Bf5 5. Nf3 e6 6. cxd5 Ne4 7. Qb3 Nxc3 8.
bxc3 Qc7 9. dxe6 Bxe6 10. c4 b5 11. Bd3 Nd7 12. O-O Rb8 13. Qc2 bxc4 14. Bxc4
Nf6 15. Bxe6 fxe6 16. e4 Be7 17. h3 Rb4 18. Ba3 Rb5 19. Bxe7 Kxe7 20. Ne5 Rc8
21. Rfc1 Rxe5 22. dxe5 Qxe5 23. Rab1 Nxe4 24. Re1 1-0

[Event "Tournoi Skype 016A"]
[Site "Skype"]
[Date "????.??.??"]
[Round "2.28"]
[White "Korkmaz, Serdar"]
[Black "Rochette, Mathieu"]
[Result "1-0"]
[WhiteElo "1449"]
[BlackElo "1516"]
[PlyCount "31"]

1. e4 c5 2. c3 d6 3. d4 cxd4 4. cxd4 g6 5. Nf3 Bg7 6. Bc4 Nf6 7. Nc3 O-O 8. O-O
Nbd7 9. h3 Qc7 10. Bb3 b6 11. Re1 Bb7 12. Bg5 Rfe8 13. Rc1 Rac8 14. Ba4 a6 15.
Nd5 Qxc1 16. Bxc1 1-0

[Event "Tournoi Skype 016A"]
[Site "Skype"]
[Date "????.??.??"]
[Round "3.1"]
[White "Lambert, Pierre"]
[Black "Ayotte, Jocelyn"]
[Result "0-1"]
[WhiteElo "1830"]
[BlackElo "2107"]
[PlyCount "35"]

1. d4 d5 2. c4 e6 3. Nf3 Nf6 4. Nc3 c6 5. a4 Nbd7 6. e3 Bd6 7. Bd3 O-O 8. O-O
Re8 9. Qc2 e5 10. dxe5 Nxe5 11. Nxe5 Bxe5 12. Ne2 Bxh2+ 13. Kh1 Bd6 14. cxd5
cxd5 15. Nd4 Ne4 16. g3 Qg5 17. Nf3 Qh5+ 18. Kg1 0-1

[Event "Tournoi Skype 016A"]
[Site "Skype"]
[Date "????.??.??"]
[Round "3.3"]
[White "Donmez, Unal"]
[Black "Altinok, Kerim"]
[Result "1-0"]
[WhiteElo "1937"]
[BlackElo "1817"]
[PlyCount "117"]

1. d4 d5 2. c4 e6 3. Nf3 Nf6 4. g3 c5 5. Bg2 Nc6 6. cxd5 Nxd5 7. O-O Be7 8.
dxc5 Bxc5 9. Qc2 Be7 10. Rd1 Qc7 11. a3 O-O 12. e4 Nf6 13. Bf4 Qa5 14. Nc3 Rd8
15. h3 e5 16. Rxd8+ Bxd8 17. b4 Qc7 18. Nb5 Qb8 19. Bg5 Be6 20. Rd1 Be7 21. Nc3
h6 22. Bxf6 Bxf6 23. Nd5 Bxd5 24. exd5 Nd4 25. Nxd4 exd4 26. Qc5 b6 27. Qc6 Qe8
28. Rc1 d3 29. Rd1 Qxc6 30. dxc6 Rd8 31. Rd2 Be5 32. Be4 Kf8 33. Kf1 Ke7 34.
Rxd3 Rxd3 35. Bxd3 Kd6 36. Be4 f5 37. Bg2 Bb2 38. a4 Bc3 39. b5 Be5 40. f4 Bd4
41. Ke2 Bc3 42. Bd5 g5 43. Bf3 Bf6 44. Bh5 Bd8 45. Bg6 Ke6 46. g4 gxf4 47.
Bxf5+ Ke5 48. Kf3 Bc7 49. h4 Kf6 50. Bc2 Ke5 51. g5 hxg5 52. h5 Kf6 53. Kg4 Bd8
54. h6 Kf7 55. Kf5 f3 56. Bb3+ Kf8 57. Kg6 f2 58. Bc4 g4 59. h7 1-0

[Event "Tournoi Skype 016A"]
[Site "Skype"]
[Date "????.??.??"]
[Round "3.4"]
[White "Mulrooney, Justin"]
[Black "Deniz, Ugur"]
[Result "0-1"]
[WhiteElo "1705"]
[BlackElo "1918"]
[PlyCount "54"]

1. d4 Nf6 2. c4 e6 3. Nc3 Bb4 4. Nf3 O-O 5. Qc2 c5 6. e4 Bxc3+ 7. bxc3 d6 8.
Bd3 h6 9. O-O Nc6 10. a3 e5 11. d5 Na5 12. Nd2 b6 13. f4 exf4 14. Rxf4 Ba6 15.
Qd1 Nd7 16. Qe2 Ne5 17. Bb2 Qe8 18. Raf1 Qa4 19. Bc1 Bxc4 20. Nxc4 Naxc4 21.
Bxc4 Qxc4 22. Qe3 Nd3 23. Rg4 Nxc1 24. Rxc1 f5 25. Rg6 Qxe4 26. Qg3 Qe5 27.
Rxh6 Qxg3 0-1

[Event "Tournoi Skype 016A"]
[Site "Skype"]
[Date "????.??.??"]
[Round "3.5"]
[White "Dal, Ibrahim"]
[Black "Patra Kumar, Subhendu"]
[Result "1-0"]
[WhiteElo "1704"]
[BlackElo "1887"]
[PlyCount "43"]

1. d4 d5 2. c4 dxc4 3. Nf3 a6 4. a4 c5 5. e3 Bg4 6. Bxc4 Nf6 7. Bxf7+ Kxf7 8.
Ne5+ Ke8 9. Nxg4 cxd4 10. Nxf6+ exf6 11. exd4 Nc6 12. Be3 Bb4+ 13. Nc3 Qd5 14.
O-O Bxc3 15. bxc3 Kf7 16. c4 Qxc4 17. Rc1 Qb4 18. Qh5+ g6 19. Qd5+ Kg7 20. Rxc6
bxc6 21. Qd7+ Kg8 22. Bh6 1-0

[Event "Tournoi Skype 016A"]
[Site "Skype"]
[Date "????.??.??"]
[Round "3.7"]
[White "Janssen, Gerard"]
[Black "Megelas, Florent"]
[Result "1-0"]
[WhiteElo "1761"]
[BlackElo "1704"]
[PlyCount "81"]

1. d4 d5 2. c4 e6 3. Nc3 Nf6 4. Nf3 Be7 5. e3 O-O 6. Qc2 c6 7. Ne5 Nbd7 8. f4
Nxe5 9. fxe5 Ng4 10. Be2 f5 11. O-O Bg5 12. Rf3 Bd7 13. Bd2 Qe8 14. Raf1 Qh5
15. Rh3 Qg6 16. Qd1 Rf7 17. Rg3 Raf8 18. h3 Bh4 19. Rgf3 Nh6 20. Kh2 f4 21.
exf4 Nf5 22. Be1 Bxe1 23. Rxe1 Qh6 24. g3 g6 25. c5 Ne7 26. Ref1 Rf5 27. R3f2
g5 28. Bd3 R5f7 29. Qg4 Kh8 30. Kg2 Nf5 31. Bxf5 Rxf5 32. fxg5 Rxf2+ 33. Rxf2
Rxf2+ 34. Kxf2 Qg6 35. Qf4 Kg8 36. Qf6 Qf7 37. h4 b5 38. cxb6 axb6 39. g4 b5
40. Kg3 Be8 41. h5 1-0

[Event "Tournoi Skype 016A"]
[Site "Skype"]
[Date "????.??.??"]
[Round "3.8"]
[White "Altinok, Selim"]
[Black "Deville, Olivier"]
[Result "0-1"]
[WhiteElo "1854"]
[BlackElo "1945"]
[PlyCount "112"]

1. d4 Nf6 2. Bf4 b6 3. e3 Bb7 4. Nf3 d6 5. Nbd2 Nbd7 6. Bd3 g6 7. O-O Bg7 8. e4
O-O 9. Re1 Nh5 10. Bg5 h6 11. Be3 e5 12. dxe5 dxe5 13. Bc4 Qe7 14. c3 Rad8 15.
Qc2 Nc5 16. Rad1 Ne6 17. g3 Kh8 18. Qb3 Bc8 19. Kg2 f5 20. exf5 gxf5 21. Nxe5
Bxe5 22. Bxh6 Rf6 23. Rxe5 Rxh6 24. Rxf5 Nd4 25. cxd4 Bxf5 26. Qf3 Bh3+ 27. Kg1
Ng7 28. Ne4 Rf8 29. Qd3 Bf5 30. f3 Bxe4 31. fxe4 Rhf6 32. e5 Rh6 33. Rf1 Ne6
34. Rxf8+ Qxf8 35. d5 Ng5 36. Kg2 Nh3 37. Qe3 Nf2 38. Be2 Nh3 39. Bg4 Qf2+ 40.
Qxf2 Nxf2 41. Kxf2 Rxh2+ 42. Ke3 Kg7 43. Be2 Rh1 44. b4 Rb1 45. b5 Rb4 46. Bf3
Ra4 47. d6 cxd6 48. exd6 Kf6 49. Bd5 Ra3+ 50. Kf4 Rd3 51. Ke4 Rxg3 52. Kf4 Rc3
53. Bb3 Rc5 54. a4 Rc3 55. Bd5 Ra3 56. Bc6 Rxa4+ 0-1

[Event "Tournoi Skype 016A"]
[Site "Skype"]
[Date "????.??.??"]
[Round "3.9"]
[White "Hervais, Adrien"]
[Black "Bendre, Pankaj"]
[Result "1-0"]
[WhiteElo "1999"]
[BlackElo "1570"]
[PlyCount "33"]

1. e4 c5 2. Nf3 d6 3. c3 e5 4. d4 Bg4 5. dxe5 Bxf3 6. Qxf3 dxe5 7. Be3 Bd6 8.
Na3 a6 9. Rd1 Qc7 10. Qg3 g6 11. Nc4 Bf8 12. Nxe5 Nf6 13. Bc4 Nh5 14. Bxf7+
Qxf7 15. Rd8+ Ke7 16. Bxc5+ Kf6 17. Qf3+ 1-0

[Event "Tournoi Skype 016A"]
[Site "Skype"]
[Date "????.??.??"]
[Round "3.10"]
[White "Perez Fermin, Jose"]
[Black "Jacquelin, Norbert"]
[Result "0-1"]
[WhiteElo "1639"]
[BlackElo "1924"]
[PlyCount "32"]

1. e4 e5 2. Nf3 Nf6 3. Nc3 Nc6 4. Bc4 Nxe4 5. Bxf7+ Kxf7 6. Nxe4 d5 7. Nxe5+
Nxe5 8. Qh5+ Ng6 9. Ng5+ Kg8 10. O-O Qe8 11. d3 Bd7 12. Bd2 h6 13. Nf3 Qf7 14.
Rfe1 Bd6 15. d4 Rf8 16. Ne5 Qxf2+ 0-1